000 02187cam a2200529 a 4500
001 60442
005 20230410143420.0
008 890928s1988 sp ab b f000 0 spa d
010 _a 94226671
035 _a(OCoLC)ocm20405939
040 _aFMU
_cDLC
_dPL#
_dEL$
020 _a840006867X
020 _a9788400068677
029 1 _aNLGGC
_b125610335
035 _a(OCoLC)20405939
042 _alccopycat
043 _as-ag---
_as-py---
050 1 4 _aF2891
_bC111p 1988
082 0 0 _a982/.22
_220
049 _aGRAL
100 1 _aCañedo-Arguelles Fabrega, Teresa.
245 1 3 _aLa provincia de Corrientes en los siglos XVI y XVII :
_bun modelo de colonización en el Alto Paraná /
_cTeresa Cañedo-Arguelles Fábrega.
260 _aMadrid :
_bConsejo Superior de Investigaciones Científicas, Centro de Estudios Históricos, Departamento de Historia de América,
_c1988.
300 _a257 p. :
_bcol. ill., maps ;
_c24 cm.
440 0 _aColección Tierra nueva e cielo nuevo ;
_v23
490 1 _aV centenario del descubrimiento de América
500 _aCover title: Un modelo de colonización en el Alto Paraná.
504 _aIncludes bibliographical references (p. 251-257).
651 0 _aCorrientes (Argentina : Province)
_xHistory.
651 0 _aParaguay
_xHistory
_yTo 1811.
650 0 _aAcculturation
_zArgentina
_zCorrientes (Province)
_xHistory.
650 0 _aAcculturation
_zParaguay
_xHistory.
651 0 _aCorrientes (Argentina : Province)
_xRace relations.
651 0 _aParaguay
_xRace relations.
653 _aCorrientes (Argentina)
_aColonización
_aSiglo XVI-XVII.
650 4 _aAculturación
_zArgentina
_zCorrientes (Provincia)
_xHistoria
650 4 _aAculturación
_zParaguay
_xHistoria
651 4 _aParaguay
_xHistoria
_yHasta 1811
651 4 _aCorrientes, Argentina (Provincia)
_xRelaciones raciales
651 4 _aParaguay
_xRelaciones raciales
740 0 1 _aModelo de colonización en el Alto Paraná.
830 0 _aPublicaciones del C.S.I.C. conmemorativas del V centenario del descubrimiento de América.
938 _aPuvill Libros
_bPUVL
_n840006867X
_c$21.47
942 _2lcc
_cbk
946 _amjcruz
994 _aC0
_bDRFGD
999 _c101256
_d101256